header

Adapting the United Nations to a postmodern era (Record no. 75041)

MARC details
000 -LEADER
fixed length control field 01248nam a22003254a 4500
082 04 - DEWEY DECIMAL CLASSIFICATION NUMBER
Classification number 341.23
245 00 - TITLE STATEMENT
Title Adapting the United Nations to a postmodern era
260 ## - PUBLICATION, DISTRIBUTION, ETC. (IMPRINT)
Place of publication Houndmills, Basingstoke, Hampshire ;
-- New York :
Name of publisher Palgrave,
Year of publication 2001.
300 ## - PHYSICAL DESCRIPTION
Number of Pages xxiv, 272 p.
490 1# - SERIES STATEMENT
Series statement Global issues series
650 #0 - SUBJECT ADDED ENTRY--TOPICAL TERM
Topical Term Postmodernism.
700 1# - ADDED ENTRY--PERSONAL NAME
Personal name Knight, W. Andy.
856 40 - ELECTRONIC LOCATION AND ACCESS
Uniform Resource Identifier http://site.ebrary.com/lib/rucke/Doc?id=10044076

No items available.

© 2026 Rongo University
Contact us: librarian | system librarian | Rongo university